| 000 | 01109nam a22002415a 4500 | ||
|---|---|---|---|
| 003 | OSt | ||
| 005 | 20170316105931.0 | ||
| 008 | 170316s2012 ua a gr 000 edara d | ||
| 015 | _a2012 / 8594 | ||
| 040 |
_aEG-ScBUE _bara _cEG-ScBUE |
||
| 082 | 0 | 4 |
_a270.092 _bش ن و _222 |
| 100 | 0 |
_aشنودة _bالثالث، _cالبابا، _d2012-1923. |
|
| 245 | 1 | 2 |
_aالمقالات الأسبوعية المنشورة بجريدة الجمهورية / _cبقلم قداسة البابا المعظم الأنبا شنوده الثالث. |
| 250 | _aط. 1. | ||
| 260 |
_aالقاهرة : _bالمركز الثقافي القبطي الأرثوذكسي : _bبطريكية الأقباط الأرثوذكس، _c2012. |
||
| 300 |
_a783 ص. : _bإيض. ؛ _c24 سم. |
||
| 541 | _aإهداء من المركز الثقافي القبطي الأرثوذكسي. | ||
| 600 | 0 | 7 |
_aشنودة _bالثالث، _d2012-1923 _vمقالات ومحاضرات. _2BUEsh |
| 650 | 7 |
_aالأقباط _xنشاط سياسي _zمصر _vمقالات ومحاضرات. _2BUEsh |
|
| 651 | _2BUEsh | ||
| 653 |
_bGGEN _cMarch2017 |
||
| 942 | _2ddc | ||
| 999 |
_c24441 _d24413 |
||